书目信息 |
| 题名: |
星火燎原
|
|
| 作者: | ||
| 分册: | 选编之二 | |
| 出版信息: | 北京 战士出版社 1979 |
|
| 页数: | 512页 | |
| 开本: | 19cm | |
| 丛书名: | ||
| 单 册: | ||
| 中图分类: | I251 , K260.6 | |
| 科图分类: | ||
| 主题词: | 革命回忆录--中国 , 新民主主义革命--中国--史料 | |
| 电子资源: | ||
| ISBN: | ||
| 000 | 00579nam0 2200229 45 | |
| 001 | 1570897015 | |
| 005 | 20150120194152.28 | |
| 010 | @dCNY1.15 | |
| 091 | @aCN@b10185.3 | |
| 100 | @a19950721d1979 em y0chiy0121 ea | |
| 101 | 0 | @achi |
| 102 | @aCN@b110000 | |
| 105 | @ay z 000zd | |
| 200 | 10 | @a星火燎原@Axing huo liao yuan@h选编之二 |
| 210 | @a北京@c战士出版社@d1979 | |
| 215 | @a512页@d19cm | |
| 606 | @a革命回忆录@y中国 | |
| 606 | @a新民主主义革命@y中国@x史料 | |
| 690 | @aI251@v3 | |
| 690 | @aK260.6@v3 | |
| 801 | 0 | @aCN@bTSSF@c20150120 |
| 905 | @aZUCC@dI251@eJY42:2 | |
| 星火燎原.选编之二.-北京:战士出版社,1979 |
| 512页;19cm |
| ISBN :CNY1.15 |
| ● |
| 相关链接 |
|
|
|
|
正题名:星火燎原
索取号:I251/JY42:2
 
预约/预借
| 序号 | 登录号 | 条形码 | 馆藏地/架位号 | 状态 | 备注 |
| 1 | 7836940 | 278369409 | 学院路分馆/ [索取号:I251/JY42:2] | 在馆 | |
| 2 | 7836941 | 278369418 | 学院路分馆/ [索取号:I251/JY42:2] | 在馆 |